000 00717nam a2200217 a 4500
001 2972
005 20140414131920.0
008 051130s19uu xx 00 eng d
020 _a0-590-22295-3
050 _aM 540
_bM27 1995
245 _aMagic school bus gets baked in a cake :
_ba book about kitchen Chemistry.
260 _aNew York :
_bScholastic,
_c1995.
300 _a1 v. p. ; cm.
440 _aThe magic school bus
500 _aFrom the episode of the animated TV series produced by Scholastic Entertainment Inc.
520 _aLearn some kitchen chemistry, when you read this book.
650 _aKitchen
_xJuvenile literature.
650 _aChildren stories.
999 _c111707
_d111707